Normal view
MARC view
Entry Personal Name
001 - CONTROL NUMBER
- control field: 34390
003 - CONTROL NUMBER IDENTIFIER
- control field: dpl
005 - DATE AND TIME OF LATEST TRANSACTION
- control field: 20110905145823.0
008 - FIXED-LENGTH DATA ELEMENTS
- fixed length control field: 110905|||a|||||| | ||| d
040 ## - CATALOGING SOURCE
- Original cataloging agency: dpl
- Transcribing agency: dpl
100 ## - HEADING--PERSONAL NAME
- Personal name: Vigne, Godfrey Thomas,
- Dates associated with a name: 1801-1863.
670 ## - SOURCE DATA FOUND
- Source citation: Work cat.: (dpl)0: Vigne, Godfrey Thomas, 1801-1863., Travels in Kashmir, Ladak, Iskardo, , 2008.
670 ## - SOURCE DATA FOUND
- Source citation: Work cat.: (dpl)0: Vigne, Godfrey Thomas, 1801-1863., Travels in Kashmir, Ladak, Iskardo, , 2008.
